Sports Quiz

Random Sports or NCAA Quiz
Score 0/96 Timer 04:00
0 Plays Today
Year School % Correct
1970UCLA
90.9%
1971UCLA
81.8%
1972UCLA
80.3%
1974UCLA
66.7%
1975UCLA
66.7%
1976UCLA
66.7%
1989UCLA
66.7%
1979UCLA
65.2%
1981UCLA
65.2%
1982UCLA
65.2%
1983UCLA
65.2%
1984UCLA
65.2%
1987UCLA
65.2%
1993UCLA
63.6%
1996UCLA
60.6%
1995UCLA
59.1%
1998UCLA
59.1%
2000UCLA
59.1%
1977USC
56.1%
1980USC
56.1%
1988USC
56.1%
1990USC
53%
2006UCLA
53%
1985Pepperdine
48.5%
2015Loyola Chicago
48.4%
2016Ohio State
47.6%
1978Pepperdine
47%
1986Pepperdine
47%
1997Stanford
45.5%
1991Long Beach State
43.9%
2010Stanford
43.9%
1973San Diego State
42.4%
Year School % Correct
2008Penn State
42.4%
2011Ohio State
42.4%
2013UC Irvine
42.4%
2014Loyola Chicago
42.4%
Coach:Al Scates
41.7%
1992Pepperdine
40.9%
1994Penn State
40.9%
2002Hawaii (vacated)
40.9%
2012UC Irvine
40.9%
1999BYU
37.9%
2005Pepperdine
37.9%
2009UC Irvine
37.9%
2001BYU
36.4%
2003Lewis (vacated)
36.4%
2004BYU
36.4%
2007UC Irvine
36.4%
Coach:Al Scates
33.3%
Coach:Al Scates
33.3%
Coach:Al Scates
33.3%
Coach:Al Scates
33.3%
Coach:Al Scates
33.3%
Coach:Al Scates
33.3%
Coach:Al Scates
33.3%
Coach:Al Scates
33.3%
Coach:Al Scates
33.3%
Coach:Al Scates
33.3%
Coach:Marv Dunphy
33.3%
Coach:Al Scates
33.3%
Coach:Al Scates
33.3%
Coach:Al Scates
33.3%
Coach:Al Scates
33.3%
Coach:Al Scates
33.3%
Year School % Correct
2017Ohio State
33.3%
Coach:Ernie Hix
25%
Coach:Marv Dunphy
25%
Coach:Ernie Hix
25%
Coach:Rod Wilde
25%
Coach:Bob Yoder
25%
Coach:Marv Dunphy
25%
Coach:Ray Ratelle
25%
Coach:Tom Peterson
25%
Coach:Al Scates
25%
Coach:Al Scates
25%
Coach:Pete Hanson
25%
Coach:John Speraw
25%
Coach:John Speraw
25%
Coach:John Kosty
25%
Coach:Mark Pavlik
25%
Coach:Pete Hanson
23.1%
Coach:Dave Deuser (vacated)
16.7%
Coach:Carl McGowan
16.7%
Coach:Carl McGowan
16.7%
Coach:Shane Davis
16.7%
Coach:Shane Davis
16.7%
Coach:David Kniffin
16.7%
Coach:Marv Dunphy
16.7%
Coach:Al Scates
16.7%
Coach:John Speraw
16.7%
Coach:Pete Hanson
16.7%
Coach:Jack Henn
8.3%
Coach:Jim McLaughlin
8.3%
Coach:Tom Peterson
8.3%
Coach:Runen Nieves
0%
Coach:Mike Wilton (vacated)
0%
Remove Ads.
Support Sporcle.
Get the best of Sporcle when you Go Orange. This ad-free experience offers more features, more stats, and more fun while also helping to support Sporcle. Thank you for becoming a member.

You're not logged in!

Compare scores with friends on all Sporcle quizzes.
OR
Log In

Show Comments

Extras

Top Quizzes Today


Score Distribution

Your Account Isn't Verified!

In order to create a playlist on Sporcle, you need to verify the email address you used during registration. Go to your Sporcle Settings to finish the process.

Report this User

Report this user for behavior that violates our Community Guidelines.

Details: